| 000 | 03699cam a2200721 i 4500 | ||
|---|---|---|---|
| 001 | 6339 | ||
| 003 | FISKH | ||
| 005 | 20250508111735.0 | ||
| 008 | 190509r20161998nyua j 000 1 eng d | ||
| 010 | _a 2019296876 | ||
| 020 | _a9780425287668 (hardback) | ||
| 020 | _a0425287661 (hardback) | ||
| 020 | _a9780142410318 | ||
| 020 | _a0394910117 | ||
| 020 | _a9780394910116 | ||
| 020 | _a9780142410318 | ||
| 020 | _a0142410314 | ||
| 040 |
_aYDXCP _beng _cYDXCP _erda _dDLC |
||
| 050 | _aPZ7.D1515 C | ||
| 082 | _a823.914 | ||
| 100 | 1 |
_aDahl, Roald, _eauthor. |
|
| 245 | 1 | 0 |
_aCharlie and the chocolate factory / _cRoald Dahl ; illustrated by Quentin Blake. |
| 250 | _aThis edition published in 2013 | ||
| 260 |
_aNew York : _bPuffin Book, _c1964 |
||
| 300 |
_a155 pages : _billustrations ; _c20 cm |
||
| 336 |
_atext _btxt _2rdacontent |
||
| 337 |
_aunmediated _bn _2rdamedia |
||
| 338 |
_avolume _bnc _2rdacarrier |
||
| 500 | _aIncludes excerpt from "Matilda" (15 pages). | ||
| 500 | _a"First published in the United States of America by Alfred A. Knopf, Inc., 1964"--Title page verso. | ||
| 500 | _a"Publisher: Puffin Books; Reissue edition (September 6, 2016)"--Amazon.com. | ||
| 505 | 0 | _aHere comes Charlie -- Mr. Willy Wonka's factory -- Mr. Wonka and the Indian prince -- The secret workers -- The golden tickets -- The first two finders -- Charlie's birthday -- Two more golden tickets found -- Grandpa Joe takes a gamble -- The family begins to starve -- The miracle -- What it said on the golden ticket -- The big day arrives -- Mr. Willy Wonka -- The chocolate room -- The oompa-loompas -- Augustus Gloop goes up the pipe -- Down the chocolate river -- The inventing room -- everlasting gobstoppers and hair toffee -- The great gum machine -- Good-by Violet -- Along the corridor -- Square candies that look round -- Veruca in the nut room -- The great glass elevator -- The television chocolate room -- Mike Teavee is sent by television -- Only Charlie left -- The other children go home -- Charlie's chocolate factory. | |
| 520 | _aEach of five children lucky enough to discover an entry ticket into Mr. Willy Wonka's mysterious chocolate factory takes advantage of the situation in his own way. | ||
| 650 | 0 |
_aWonka, Willy (Fictitious character) _vFiction. |
|
| 650 | 0 |
_aChocolate _vJuvenile fiction. |
|
| 650 | 0 |
_aWishes _vJuvenile fiction. |
|
| 650 | 0 |
_aChildren _xConduct of life _vJuvenile fiction. |
|
| 650 | 1 |
_aBehavior _vFiction. |
|
| 650 | 1 |
_aChocolate _vFiction. |
|
| 650 | 4 |
_aChocolate _vJuvenile fiction. |
|
| 650 | 7 |
_aJUVENILE FICTION _xClassics. _2bisacsh |
|
| 650 | 7 |
_aJUVENILE FICTION _xAction & Adventure _xGeneral. _2bisacsh |
|
| 650 | 7 |
_aJUVENILE FICTION _xHumorous Stories. _2bisacsh |
|
| 650 | 7 |
_aChildren _xConduct of life. _2fast _0(OCoLC)fst00854871 |
|
| 650 | 7 |
_aChocolate. _2fast _0(OCoLC)fst00858278 |
|
| 650 | 7 |
_aWishes. _2fast _0(OCoLC)fst01176272 |
|
| 650 | 7 |
_aWonka, Willy (Fictitious character) _2fast _0(OCoLC)fst01179187 |
|
| 650 | 7 |
_aWonka, Willy (Fictional character) _vFiction. _2sears |
|
| 650 | 7 |
_aBucket, Charlie (Fictional character) _vFiction. _2sears |
|
| 650 | 7 |
_aHuman behavior _vFiction. _2sears |
|
| 650 | 7 |
_aChocolate factories _vFiction. _2sears |
|
| 655 | 0 | _aHumorous stories. | |
| 655 | 4 | _aHumorous stories. | |
| 655 | 7 |
_aHumorous fiction. _2fast _0(OCoLC)fst01726649 |
|
| 655 | 7 |
_aFiction. _2fast _0(OCoLC)fst01423787 |
|
| 655 | 7 |
_aJuvenile works. _2fast _0(OCoLC)fst01411637 |
|
| 655 | 7 |
_aHumorous fiction.fiction. _2gsafd |
|
| 655 | 7 |
_aHumorous fiction. _2lcgft |
|
| 700 | 1 |
_aBlake, Quentin, _eillustrator. |
|
| 906 |
_a7 _bcbc _ccopycat _d2 _encip _f20 _gy-gencatlg |
||
| 942 |
_2ddc _cBK _n0 |
||
| 999 |
_c6339 _d6339 |
||